<?xml version="1.0" encoding="UTF-8"?>
<record
    xmlns:xsi="http://www.w3.org/2001/XMLSchema-instance"
    xsi:schemaLocation="http://www.loc.gov/MARC21/slim http://www.loc.gov/standards/marcxml/schema/MARC21slim.xsd"
    xmlns="http://www.loc.gov/MARC21/slim">

  <leader>04589namaa22004331i 4500</leader>
  <controlfield tag="003">OSt</controlfield>
  <controlfield tag="005">20260414141618.0</controlfield>
  <controlfield tag="008">250827s2024    ua a|||frm||| 000 0 eng d</controlfield>
  <datafield tag="040" ind1=" " ind2=" ">
    <subfield code="a">EG-GICUC</subfield>
    <subfield code="b">ara</subfield>
    <subfield code="c">EG-GICUC</subfield>
    <subfield code="d">EG-GICUC</subfield>
    <subfield code="e">rda</subfield>
  </datafield>
  <datafield tag="041" ind1="0" ind2=" ">
    <subfield code="a">ara</subfield>
    <subfield code="b">ara</subfield>
    <subfield code="b">eng</subfield>
  </datafield>
  <datafield tag="049" ind1=" " ind2=" ">
    <subfield code="a">&#x625;&#x64A;&#x62F;&#x627;&#x639;</subfield>
  </datafield>
  <datafield tag="082" ind1="0" ind2="4">
    <subfield code="a">371.46</subfield>
  </datafield>
  <datafield tag="092" ind1=" " ind2=" ">
    <subfield code="a">371.46</subfield>
    <subfield code="2">21</subfield>
  </datafield>
  <datafield tag="097" ind1=" " ind2=" ">
    <subfield code="a">&#x62F;&#x643;&#x62A;&#x648;&#x631;&#x627;&#x647;&#x200E;</subfield>
  </datafield>
  <datafield tag="099" ind1=" " ind2=" ">
    <subfield code="a">Cai01.02.01.Ph.D.2024.&#x631;&#x64A;.&#x62A;</subfield>
  </datafield>
  <datafield tag="100" ind1="0" ind2=" ">
    <subfield code="a">&#x60C;&#x631;&#x64A;&#x647;&#x627;&#x645; &#x643;&#x631;&#x645; &#x62D;&#x633;&#x646; &#x639;&#x644;&#x649;</subfield>
    <subfield code="e">&#x625;&#x639;&#x62F;&#x627;&#x62F;.</subfield>
  </datafield>
  <datafield tag="245" ind1="1" ind2="0">
    <subfield code="a">&#x62A;&#x623;&#x62B;&#x64A;&#x631; &#x641;&#x64A;&#x62F;&#x64A;&#x648;&#x647;&#x627;&#x62A; &#x627;&#x644;&#x62A;&#x64A;&#x643; &#x62A;&#x648;&#x643; &#x639;&#x644;&#x649; &#x627;&#x644;&#x639;&#x646;&#x641; &#x628;&#x64A;&#x646; &#x637;&#x644;&#x627;&#x628; &#x627;&#x644;&#x645;&#x631;&#x62D;&#x644;&#x629; &#x627;&#x644;&#x62B;&#x627;&#x646;&#x648;&#x64A;&#x629; :</subfield>
    <subfield code="b">&#x62F;&#x631;&#x627;&#x633;&#x629; &#x645;&#x64A;&#x62F;&#x627;&#x646;&#x64A;&#x629; &#x628;&#x645;&#x62F;&#x64A;&#x646;&#x629; &#x627;&#x644;&#x642;&#x627;&#x647;&#x631;&#x629; /</subfield>
    <subfield code="c">&#x625;&#x639;&#x62F;&#x627;&#x62F; &#x631;&#x64A;&#x647;&#x627;&#x645; &#x643;&#x631;&#x645; &#x62D;&#x633;&#x646; &#x639;&#x644;&#x649;&#x61B; &#x625;&#x634;&#x631;&#x627;&#x641; &#x623;.&#x62F;/ &#x639;&#x62F;&#x644;&#x64A; &#x645;&#x62D;&#x645;&#x648;&#x62F; &#x627;&#x644;&#x633;&#x645;&#x631;&#x64A;&#x60C; &#x623;.&#x62F;/ &#x623;&#x645;&#x644; &#x62D;&#x633;&#x646; &#x623;&#x62D;&#x645;&#x62F; &#x641;&#x64E;&#x631;&#x627;&#x62C;.</subfield>
  </datafield>
  <datafield tag="246" ind1="1" ind2="5">
    <subfield code="a">The impact of tiktok videos on violence among high school students :  </subfield>
    <subfield code="b">A field study in cairo /</subfield>
  </datafield>
  <datafield tag="264" ind1=" " ind2="0">
    <subfield code="c">2024.</subfield>
  </datafield>
  <datafield tag="300" ind1=" " ind2=" ">
    <subfield code="a">353 &#x635;&#x641;&#x62D;&#x629; :</subfield>
    <subfield code="b">&#x625;&#x64A;&#x636;&#x627;&#x62D;&#x64A;&#x627;&#x62A; &#x61B; </subfield>
    <subfield code="c">25 &#x633;&#x645;. + </subfield>
    <subfield code="e">CD.</subfield>
  </datafield>
  <datafield tag="336" ind1=" " ind2=" ">
    <subfield code="a">text</subfield>
    <subfield code="2">rda content</subfield>
  </datafield>
  <datafield tag="337" ind1=" " ind2=" ">
    <subfield code="a">Unmediated</subfield>
    <subfield code="2">rdamedia</subfield>
  </datafield>
  <datafield tag="338" ind1=" " ind2=" ">
    <subfield code="a">volume</subfield>
    <subfield code="2">rdacarrier</subfield>
  </datafield>
  <datafield tag="502" ind1=" " ind2=" ">
    <subfield code="a">&#x623;&#x637;&#x631;&#x648;&#x62D;&#x629; (&#x62F;&#x643;&#x62A;&#x648;&#x631;&#x627;&#x647;)-&#x62C;&#x627;&#x645;&#x639;&#x629; &#x627;&#x644;&#x642;&#x627;&#x647;&#x631;&#x629;&#x60C; 2024.  </subfield>
  </datafield>
  <datafield tag="504" ind1=" " ind2=" ">
    <subfield code="a">&#x628;&#x628;&#x644;&#x64A;&#x648;&#x62C;&#x631;&#x627;&#x641;&#x64A;&#x627;: &#x635;&#x641;&#x62D;&#x627;&#x62A; 259-275.</subfield>
  </datafield>
  <datafield tag="520" ind1=" " ind2=" ">
    <subfield code="a">&#x647;&#x62F;&#x641;&#x62A; &#x627;&#x644;&#x62F;&#x631;&#x627;&#x633;&#x629; &#x625;&#x644;&#x649; &#x631;&#x635;&#x62F; &#x645;&#x62F;&#x649; &#x62A;&#x623;&#x62B;&#x64A;&#x631; &#x641;&#x64A;&#x62F;&#x64A;&#x648;&#x647;&#x627;&#x62A; &#x627;&#x644;&#x62A;&#x64A;&#x643; &#x62A;&#x648;&#x643; &#x630;&#x627;&#x62A; &#x627;&#x644;&#x645;&#x62D;&#x62A;&#x648;&#x649; &#x627;&#x644;&#x639;&#x646;&#x64A;&#x641; &#x639;&#x644;&#x649; &#x645;&#x645;&#x627;&#x631;&#x633;&#x629; &#x633;&#x644;&#x648;&#x643; &#x627;&#x644;&#x639;&#x646;&#x641; &#x628;&#x64A;&#x646; &#x637;&#x644;&#x627;&#x628; &#x627;&#x644;&#x645;&#x631;&#x62D;&#x644;&#x629; &#x627;&#x644;&#x62B;&#x627;&#x646;&#x648;&#x64A;&#x629;&#x60C; &#x648;&#x627;&#x639;&#x62A;&#x645;&#x62F;&#x62A; &#x627;&#x644;&#x62F;&#x631;&#x627;&#x633;&#x629; &#x639;&#x644;&#x649; &#x627;&#x644;&#x645;&#x646;&#x647;&#x62C; &#x627;&#x644;&#x648;&#x635;&#x641;&#x64A; &#x627;&#x644;&#x62A;&#x62D;&#x644;&#x64A;&#x644;&#x64A;&#x61B; &#x628;&#x627;&#x633;&#x62A;&#x62E;&#x62F;&#x627;&#x645; &#x623;&#x62F;&#x627;&#x629; &#x627;&#x644;&#x627;&#x633;&#x62A;&#x628;&#x64A;&#x627;&#x646;&#x60C; &#x639;&#x644;&#x649; &#x639;&#x64A;&#x646;&#x629; &#x639;&#x645;&#x62F;&#x64A;&#x629; &#x642;&#x648;&#x627;&#x645;&#x647;&#x627; 300 &#x645;&#x641;&#x631;&#x62F;&#x629;&#x60C; &#x643;&#x645;&#x627; &#x637;&#x64F;&#x628;&#x642;&#x62A; &#x62F;&#x644;&#x64A;&#x644; &#x645;&#x642;&#x627;&#x628;&#x644;&#x629; &#x639;&#x644;&#x649; &#x639;&#x64A;&#x646;&#x629; &#x642;&#x648;&#x627;&#x645;&#x647;&#x627; (10&#x62D;&#x627;&#x644;&#x627;&#x62A;) &#x645;&#x646; &#x637;&#x644;&#x627;&#x628; &#x627;&#x644;&#x645;&#x62F;&#x627;&#x631;&#x633; &#x627;&#x644;&#x62B;&#x627;&#x646;&#x648;&#x64A;&#x629; &#x627;&#x644;&#x62D;&#x643;&#x648;&#x645;&#x64A;&#x629; &#x648;&#x627;&#x644;&#x62F;&#x648;&#x644;&#x64A;&#x629;&#x60C; &#x627;&#x644;&#x630;&#x64A;&#x646; &#x64A;&#x62A;&#x639;&#x631;&#x636;&#x648;&#x646; &#x644;&#x641;&#x64A;&#x62F;&#x64A;&#x648;&#x647;&#x627;&#x62A; &#x627;&#x644;&#x639;&#x646;&#x641; &#x628;&#x62F;&#x631;&#x62C;&#x627;&#x62A; &#x645;&#x62A;&#x641;&#x627;&#x648;&#x62A;&#x629; &#x639;&#x644;&#x649; &#x627;&#x644;&#x62A;&#x64A;&#x643; &#x62A;&#x648;&#x643;&#x60C; &#x628;&#x627;&#x644;&#x625;&#x636;&#x627;&#x641;&#x629; &#x625;&#x644;&#x649; &#x645;&#x645;&#x627;&#x631;&#x633;&#x62A;&#x647;&#x645; &#x644;&#x633;&#x644;&#x648;&#x643; &#x627;&#x644;&#x639;&#x646;&#x641; &#x628;&#x62F;&#x627;&#x62E;&#x644; &#x627;&#x644;&#x645;&#x62F;&#x631;&#x633;&#x629;&#x60C; &#x648;&#x62A;&#x648;&#x635;&#x644;&#x62A; &#x627;&#x644;&#x62F;&#x631;&#x627;&#x633;&#x629; &#x625;&#x644;&#x649;: &#x645;&#x646; &#x623;&#x628;&#x631;&#x632; &#x623;&#x633;&#x628;&#x627;&#x628; &#x645;&#x62A;&#x627;&#x628;&#x639;&#x629; &#x637;&#x644;&#x627;&#x628; &#x627;&#x644;&#x645;&#x631;&#x62D;&#x644;&#x629; &#x627;&#x644;&#x62B;&#x627;&#x646;&#x648;&#x64A;&#x629; &#x644;&#x641;&#x64A;&#x62F;&#x64A;&#x648;&#x647;&#x627;&#x62A; &#x627;&#x644;&#x62A;&#x64A;&#x643; &#x62A;&#x648;&#x643; &#x627;&#x644;&#x639;&#x646;&#x64A;&#x641;&#x629;&#x61B; &#x62C;&#x627;&#x621; &#x641;&#x64A; &#x627;&#x644;&#x645;&#x631;&#x62A;&#x628;&#x629; &#x627;&#x644;&#x623;&#x648;&#x644;&#x649; "&#x627;&#x644;&#x62A;&#x631;&#x641;&#x64A;&#x647; &#x648;&#x627;&#x644;&#x62A;&#x633;&#x644;&#x64A;&#x629;"&#x60C; &#x62B;&#x645; &#x641;&#x64A; &#x627;&#x644;&#x645;&#x631;&#x62A;&#x628;&#x629; &#x627;&#x644;&#x62B;&#x627;&#x646;&#x64A;&#x629; "&#x62A;&#x639;&#x644;&#x645; &#x637;&#x631;&#x642; &#x627;&#x644;&#x62F;&#x641;&#x627;&#x639; &#x639;&#x646; &#x627;&#x644;&#x646;&#x641;&#x633;"&#x60C; &#x62B;&#x645; &#x641;&#x64A; &#x627;&#x644;&#x645;&#x631;&#x62A;&#x628;&#x629; &#x627;&#x644;&#x62B;&#x627;&#x644;&#x62B;&#x629; "&#x641;&#x636;&#x648;&#x644; &#x644;&#x645;&#x634;&#x627;&#x647;&#x62F;&#x629; &#x627;&#x644;&#x639;&#x646;&#x641;"&#x60C; &#x643;&#x645;&#x627; &#x628;&#x644;&#x63A;&#x62A; &#x646;&#x633;&#x628;&#x629; 39.8% &#x645;&#x646; &#x627;&#x644;&#x637;&#x644;&#x627;&#x628; &#x64A;&#x642;&#x648;&#x645;&#x648;&#x646; &#x628;&#x639;&#x645;&#x644; &#x641;&#x64A;&#x62F;&#x64A;&#x648;&#x647;&#x627;&#x62A; &#x627;&#x644;&#x639;&#x646;&#x641; &#x639;&#x644;&#x649; &#x62A;&#x637;&#x628;&#x64A;&#x642; &#x627;&#x644;&#x62A;&#x64A;&#x643; &#x62A;&#x648;&#x643; &#x62F;&#x627;&#x62E;&#x644; &#x627;&#x644;&#x645;&#x62F;&#x631;&#x633;&#x629;&#x60C; &#x648;&#x628;&#x644;&#x63A;&#x62A; &#x646;&#x633;&#x628;&#x629; &#x627;&#x644;&#x637;&#x644;&#x627;&#x628; &#x627;&#x644;&#x630;&#x64A;&#x646; &#x643;&#x648;&#x646;&#x648;&#x627; &#x62C;&#x645;&#x627;&#x639;&#x629; &#x645;&#x639; &#x627;&#x644;&#x623;&#x635;&#x62F;&#x642;&#x627;&#x621; &#x641;&#x64A; &#x627;&#x644;&#x645;&#x62F;&#x631;&#x633;&#x629; &#x62A;&#x623;&#x62B;&#x631;&#x64B;&#x627; &#x628;&#x645;&#x634;&#x627;&#x647;&#x62F;&#x629; &#x641;&#x64A;&#x62F;&#x64A;&#x648;&#x647;&#x627;&#x62A; &#x627;&#x644;&#x639;&#x646;&#x641; &#x628;&#x627;&#x644;&#x62A;&#x64A;&#x643; &#x62A;&#x648;&#x643;(59.3%).</subfield>
  </datafield>
  <datafield tag="520" ind1=" " ind2=" ">
    <subfield code="a">The study aimed to monitor the impact of violent TikTok videos on violence among secondary students, and relied on the analytical descriptive curriculum; Using the questionnaire tool, on a deliberate 300-strong sample, and applying an interview manual with a 10-case sample of Public and international high school students, who are subjected to violence videos to varying degrees on TikTok, in addition to practising violence within the school, the study found: one of the main reasons why high school students follow violent TikTok videos; He came first "Entertainment", second "Learning Methods of Self-Defence", third "Curiosity to Watch Violence", and 39.8% of students doing violence videos on the TikTok app inside the school, and the proportion of students who were in community with friends at the school influenced by TikTok violence videos (59.3%).</subfield>
  </datafield>
  <datafield tag="530" ind1=" " ind2=" ">
    <subfield code="a">&#x635;&#x62F;&#x631; &#x623;&#x64A;&#x636;&#x64B;&#x627; &#x643;&#x642;&#x631;&#x635; &#x645;&#x62F;&#x645;&#x62C;.</subfield>
  </datafield>
  <datafield tag="546" ind1=" " ind2=" ">
    <subfield code="a">&#x627;&#x644;&#x646;&#x635; &#x628;&#x627;&#x644;&#x639;&#x631;&#x628;&#x64A;&#x629; &#x648;&#x627;&#x644;&#x645;&#x644;&#x62E;&#x635; &#x628;&#x627;&#x644;&#x644;&#x63A;&#x629; &#x627;&#x644;&#x625;&#x646;&#x62C;&#x644;&#x64A;&#x632;&#x64A;&#x629; &#x648;&#x627;&#x644;&#x639;&#x631;&#x628;&#x64A;&#x629;.</subfield>
  </datafield>
  <datafield tag="650" ind1=" " ind2="7">
    <subfield code="a">&#x627;&#x644;&#x639;&#x646;&#x641;</subfield>
    <subfield code="2">qrmak</subfield>
  </datafield>
  <datafield tag="650" ind1=" " ind2="7">
    <subfield code="a">&#x627;&#x644;&#x639;&#x646;&#x641; &#x641;&#x649; &#x627;&#x644;&#x645;&#x62F;&#x627;&#x631;&#x633;</subfield>
  </datafield>
  <datafield tag="653" ind1=" " ind2="0">
    <subfield code="a">&#x627;&#x644;&#x639;&#x646;&#x641;</subfield>
    <subfield code="a">&#x62A;&#x637;&#x628;&#x64A;&#x642; &#x627;&#x644;&#x62A;&#x64A;&#x643; &#x62A;&#x648;&#x643;</subfield>
    <subfield code="a">&#x637;&#x644;&#x627;&#x628; &#x627;&#x644;&#x645;&#x62F;&#x627;&#x631;&#x633; &#x627;&#x644;&#x62B;&#x627;&#x646;&#x648;&#x64A;&#x629; &#x627;&#x644;&#x62D;&#x643;&#x648;&#x645;&#x64A;&#x629; &#x648;&#x627;&#x644;&#x62E;&#x627;&#x635;&#x629;</subfield>
  </datafield>
  <datafield tag="700" ind1="0" ind2=" ">
    <subfield code="a">&#x639;&#x62F;&#x644;&#x64A; &#x645;&#x62D;&#x645;&#x648;&#x62F; &#x627;&#x644;&#x633;&#x645;&#x631;&#x64A;</subfield>
    <subfield code="e">&#x645;&#x634;&#x631;&#x641; &#x623;&#x637;&#x631;&#x648;&#x62D;&#x629;.</subfield>
  </datafield>
  <datafield tag="700" ind1="0" ind2=" ">
    <subfield code="a">&#x623;&#x645;&#x644; &#x62D;&#x633;&#x646; &#x623;&#x62D;&#x645;&#x62F; &#x641;&#x64E;&#x631;&#x627;&#x62C;</subfield>
    <subfield code="e">&#x645;&#x634;&#x631;&#x641; &#x623;&#x637;&#x631;&#x648;&#x62D;&#x629;.</subfield>
  </datafield>
  <datafield tag="900" ind1=" " ind2=" ">
    <subfield code="b">23-12-2024</subfield>
    <subfield code="c">&#x639;&#x62F;&#x644;&#x64A; &#x645;&#x62D;&#x645;&#x648;&#x62F; &#x627;&#x644;&#x633;&#x645;&#x631;&#x64A;</subfield>
    <subfield code="c">&#x623;&#x645;&#x644; &#x62D;&#x633;&#x646; &#x623;&#x62D;&#x645;&#x62F; &#x641;&#x64E;&#x631;&#x627;&#x62C;</subfield>
    <subfield code="d">&#x639;&#x632;&#x629; &#x623;&#x62D;&#x645;&#x62F; &#x639;&#x628;&#x62F; &#x627;&#x644;&#x645;&#x62C;&#x64A;&#x62F; &#x635;&#x64A;&#x627;&#x645;</subfield>
    <subfield code="d">&#x639;&#x632;&#x629; &#x645;&#x62D;&#x645;&#x62F; &#x623;&#x628;&#x648; &#x627;&#x644;&#x647;&#x62F;&#x649; &#x639;&#x628;&#x62F; &#x627;&#x644;&#x631;&#x62D;&#x645;&#x646;</subfield>
    <subfield code="U">&#x62C;&#x627;&#x645;&#x639;&#x629; &#x627;&#x644;&#x642;&#x627;&#x647;&#x631;&#x629; </subfield>
    <subfield code="F">&#x643;&#x644;&#x64A;&#x629; &#x627;&#x644;&#x622;&#x62F;&#x627;&#x628;</subfield>
    <subfield code="D">&#x642;&#x633;&#x645; &#x639;&#x644;&#x645; &#x627;&#x644;&#x627;&#x62C;&#x62A;&#x645;&#x627;&#x639;         </subfield>
  </datafield>
  <datafield tag="905" ind1=" " ind2=" ">
    <subfield code="a">Sara</subfield>
    <subfield code="e">Afaf</subfield>
  </datafield>
  <datafield tag="942" ind1=" " ind2=" ">
    <subfield code="2">ddc</subfield>
    <subfield code="c">TH</subfield>
    <subfield code="e">21</subfield>
    <subfield code="n">0</subfield>
  </datafield>
  <datafield tag="999" ind1=" " ind2=" ">
    <subfield code="c">178397</subfield>
  </datafield>
  <datafield tag="952" ind1=" " ind2=" ">
    <subfield code="2">ddc</subfield>
    <subfield code="9">314708</subfield>
    <subfield code="a">CUCL</subfield>
    <subfield code="b">cl210</subfield>
    <subfield code="d">2026-02-12</subfield>
    <subfield code="i">32964</subfield>
    <subfield code="o">Cai01.02.01.Ph.D.2024.&#x631;&#x64A;.&#x62A;</subfield>
    <subfield code="p">01010100032964000</subfield>
    <subfield code="r">2026-02-12 10:43:00</subfield>
    <subfield code="w">2026-02-12</subfield>
    <subfield code="y">TH</subfield>
  </datafield>
</record>
